1370 1945 1910 1921 1990 1488 1882 1284 1182 1742 1569 1437 1217 1981 1736 1367 1582 1535 1945 1880 1964 1838 1473 1867 1613 1029 1993 1522 1686 1133 1064 1527 1813 1136 1518 1692 1383 1327 1651 1512 1802 1446 1007 1004 1469 1114 1640 1179 1705 1209 1331 1705 1430 1571 1226 1345 1624 1823 1759 1324 1966 1762 1081 1056 1256 1009 1167 1302 1747 1679 1956 1000 1816 1210 1650 1803 1974 1220 1505 1842 1543 1348 1566 1308 1523 1284 1011 1056 1108 1400 1801 1373 1767 1830 1871 1031 1523 1123 1030 BCNSPRNW ULIB Ver.6.0+V

เปลี่ยนเป็นภาษาไทย

Change to English
 แสดงรายละเอียดบรรณานุกรม
  กลับหน้าหลัก

Brief Record : Get Marc (ISO 2709) : E-mail record : QR code < ปิดหน้าต่าง
LEADER : 00000nam a2200000 a 4500
001    13399128711
003     ULIB
008    220362s2565 th a b 000 0 tha d
020    ^a9786165943017
040    ^abra
060 04 ^aWJ160^bธ218ก
100 0  ^aธนัญญ์ เพชรานนท์
245 00 ^aการรักษามะเร็งทางเดินปัสสาวะ =^bComprehensive Management ofUrologic Oncology /^cธนัญญ์ เพชรานนท์, จิรวดี สถิตย์เรืองศักดิ์
246 31 ^aComprehensive Management of Urologic Oncology
250    ^aพิมพ์ครั้งที่ 1
260    ^a[สงขลา] :^bหน่วยผลิตตำรา คณะแพทยศาสตร์ มหาวิทยาลัยสงขลานครินทร์,^c2565
300    ^a(22), 563 หน้า :^bภาพประกอบ ;^c27 ซม.
650  2 ^aUrologic Neoplasms^xtherapy
650  4 ^aมะเร็ง
650  4 ^aปัสสาวะและอวัยะสืบพันธ์, เนื้องอก
650  4 ^aปัสสาวะ, โรค
650  4 ^aทางเดินปัสสาวะ, เนื้องอก
700 0  ^aจิรวดี สถิตย์เรืองศักดิ์
710 2  ^aมหาวิทยาลัยสงขลานครินทร์.^bคณะแพทยศาสตร์.^bหน่วยผลิตตำรา
945    ^p1000^l0^i30147
945    ^p1000^l0^i30148
945    ^p1000^l0^i30149
945    ^p1000^l0^i30150
945    ^p1000^l0^i30151
995    ^aกัณชพร
999    ^aกัณชพร
รายการนี้ยังไม่มีแท็ก
คุณยังไม่ได้ล็อกอิน คุณสามารถมีกิจกรรมร่วมกับเว็บไซต์ได้ แต่ต้องล็อกอินก่อน ::
  ล็อกอิน

รายการสื่อสารสนเทศ

ลำดับที่ ประเภท เลขเรียก/บาร์โค้ด สถานที่ สถานะ
1. วิทยาศาสตร์การแพทย์ และสุขภาพ
วิทยาศาสตร์การแพทย์ และสุขภาพ
WJ160 ธ218ก ฉ.1 
  Barcode: 30147
ห้องสมุดวิทยาเขตนครสวรรค์
►หนังสือทั่วไป:l:General Books
บนชั้น
2. วิทยาศาสตร์การแพทย์ และสุขภาพ
วิทยาศาสตร์การแพทย์ และสุขภาพ
WJ160 ธ218ก ฉ.2 
  Barcode: 30148
ห้องสมุดวิทยาเขตนครสวรรค์
►หนังสือทั่วไป:l:General Books
บนชั้น
3. วิทยาศาสตร์การแพทย์ และสุขภาพ
วิทยาศาสตร์การแพทย์ และสุขภาพ
WJ160 ธ218ก ฉ.3 
  Barcode: 30149
ห้องสมุดวิทยาเขตนครสวรรค์
►หนังสือทั่วไป:l:General Books
บนชั้น
4. วิทยาศาสตร์การแพทย์ และสุขภาพ
วิทยาศาสตร์การแพทย์ และสุขภาพ
WJ160 ธ218ก ฉ.4 
  Barcode: 30150
ห้องสมุดวิทยาเขตนครสวรรค์
►หนังสือทั่วไป:l:General Books
บนชั้น
5. วิทยาศาสตร์การแพทย์ และสุขภาพ
วิทยาศาสตร์การแพทย์ และสุขภาพ
WJ160 ธ218ก ฉ.5 
  Barcode: 30151
ห้องสมุดวิทยาเขตนครสวรรค์
►หนังสือทั่วไป:l:General Books
บนชั้น

รายการใกล้เคียง
    ผู้แต่ง [ธนัญญ์ เพชรานนท์]

    หัวเรื่อง [มะเร็ง]
    หัวเรื่อง [ปัสสาวะและอวัยะสืบพันธ์, เนื้องอก]
    หัวเรื่อง [ปัสสาวะ, โรค]
    หัวเรื่อง [ทางเดินปัสสาวะ, เนื้องอก]

BibComment


ยังไม่เคยถูกคอมเมนท์

คอมเมนท์ทรัพยากรรายการนี้
  คอมเมนท์: การรักษามะเร็งทา..


 Copyright 2026. Bcnsprnw @Library